| 000 | 00680nam a2200205 i 4500 | ||
|---|---|---|---|
| 001 | 66332 | ||
| 003 | ES-MaACL | ||
| 005 | 20250830062229.0 | ||
| 007 | t| | ||
| 008 | 040203s1966 sp ||||1| spa d | ||
| 100 | 1 |
_aGalilea, Segundo. _953417 |
|
| 245 | 1 | 0 |
_aHacia una pastoral vernácula _b: [artículos de pastoral latinoamericano] / _cSegundo Galilea. |
| 260 |
_aBarcelona : _bNova Terra, _c[1966] |
||
| 300 |
_a124 p. ; _c23 cm. |
||
| 490 | 1 |
_aColeccion "Andina" Serie "Pastoral" ; _v4 |
|
| 650 | 0 | 7 |
_aTeología pastoral _2embne _917472 |
| 830 | 0 |
_aColeccion "Andina" Serie "Pastoral" ; _v4 _9230799 |
|
| 852 |
_aES-MaACL _jC-30509 _bR.70116 |
||
| 999 |
_c66332 _d66332 |
||